Ideología y genética textual

Enregistré dans:
Détails bibliographiques
Auteur principal: Cros, Edmond
Format: Livre
Langue:Undetermined
Publié: Madrid, España Cupsa 1980
Sujets:
Tags: Ajouter un tag
Pas de tags, Soyez le premier à ajouter un tag!

MARC

LEADER 00000nam a2200000Ia 4500
008 170316s9999 xx 000 0 und d
090 |a 801 C-34i 
100 |a Cros, Edmond 
245 |a Ideología y genética textual 
260 |a Madrid, España 
260 |b Cupsa 
260 |c 1980 
300 |a 187 páginas 
650 |a TEORÍA LITERARIA 
650 |a CRÍTICA LITERARIA 
650 |a QUEVEDO Y VILLEGAS 
650 |a LA VIDA DEL BUSCÓN 
999 |c 20192  |d 20192 
040 |a cru BVZT 
942 |c 15 D  |h 801 C-34i  |2 z